Countries Most Similar To China - Statistics

General Stats
  • This quiz has been taken 309 times
  • The average score is 13 of 20
Answer Stats
Rank Country Score % Correct
5 Japan 58.5
96%
4 South Korea 58.8
95%
3 North Korea 61.8
93%
2 Vietnam 65.4
93%
1 Taiwan 69
92%
7 Thailand 56.8
85%
10 Laos 55.5
83%
8 Mongolia 56.5
81%
18 Cambodia 52.4
76%
13 Malaysia 53.9
74%
12 Myanmar 54
72%
6 Singapore 56.9
70%
9 Kazakhstan 55.5
67%
20 Bhutan 52
57%
17 Tajikistan 53.3
51%
16 Kyrgyzstan 53.5
50%
15 Uzbekistan 53.6
50%
14 Turkey 53.8
19%
11 Azerbaijan 54
17%
19 Serbia 52.2
8%
No matching quizzes found
Score Distribution
Percent of People with Each Score
Percentile by Number Answered
Your Score History
You have not taken this quiz